Mẹ trẻ chăm con khỏe Bật mí những phương pháp chăm sóc giúp nâng cao khả năng miễn dịch cho trẻ của cha mẹ Nhật
محفوظ في:
| المؤلف الرئيسي: | |
|---|---|
| مؤلفون آخرون: | |
| التنسيق: | كتاب |
| منشور في: |
Hà Nội
Phụ Nữ
2016
|
| الموضوعات: | |
| الوسوم: |
إضافة وسم
لا توجد وسوم, كن أول من يضع وسما على هذه التسجيلة!
|
| Thư viện lưu trữ: | Trung tâm Học liệu Lê Vũ Hùng, Trường Đại học Đồng Tháp |
|---|
| LEADER | 00862pam a22002418a 4500 | ||
|---|---|---|---|
| 001 | 00040761 | ||
| 005 | 20180122080129.0 | ||
| 008 | 170110s2016 ||||||Viesd | ||
| 020 | # | # | |c 59000 |a 978 604 563409 7 |
| 041 | 0 | # | |a Vie |
| 082 | 1 | 4 | |a 649 |b M200TR |
| 100 | 0 | # | |a Fujita, Koichiro |
| 245 | 1 | 0 | |a Mẹ trẻ chăm con khỏe |c Fujita Koichiro; Thiên Di (dịch) |b Bật mí những phương pháp chăm sóc giúp nâng cao khả năng miễn dịch cho trẻ của cha mẹ Nhật |
| 260 | # | # | |a Hà Nội |b Phụ Nữ |c 2016 |
| 300 | # | # | |a 172tr. |c 21cm. |
| 653 | # | # | |a Giáo Dục |
| 653 | # | # | |a Nhật Bản |
| 653 | # | # | |a Nuôi dạy trẻ |
| 653 | # | # | |a Phương Pháp |
| 700 | 1 | # | |a Thiên Di |
| 852 | # | # | |j KD.0023203 |
| 910 | |d 22/01/2018 | ||
| 980 | # | # | |a Trung tâm Học liệu Lê Vũ Hùng, Trường Đại học Đồng Tháp |